[Event "POL-ch U12"]
[Site "Uniejow"]
[Date "2021.07.24"]
[Round "8"]
[White "Kozak, Karol"]
[Black "Kowalczyk, Jakub"]
[Result "1-0"]
[WhiteElo "1217"]
[BlackElo "1113"]
[PlyCount "49"]
[EventDate "2021.07.18"]
[EventType "swiss"]
[EventRounds "9"]
[EventCountry "POL"]
[SourceTitle "EXT 2022"]
[Source "ChessBase"]
[SourceDate "2021.10.06"]
[SourceVersion "1"]
[SourceVersionDate "2021.10.06"]
[SourceQuality "1"]

1. e4 c5 2. Nf3 e6 3. d4 cxd4 4. Nxd4 a6 5. Bd3 Nf6 6. Nc3 Qc7 7. 0-0 Be7 8. Kh1 d6 9. f4 0-0 10. Qe2 Nbd7 11. Nb3 b6 12. Bd2 Bb7 13. Rae1 e5 14. f5 Rfd8 15. Rf3 d5 16. exd5 Nxd5 17. Nxd5 Bxd5 18. Be4 Bxe4 19. Qxe4 Bf6 20. Rg3 Nc5 21. Nxc5 Rxd2 22. Qxa8+ Rd8 23. Nxa6 Qc4 24. Rc3 Qe2 25. Qxd8+ 1-0

[Event "POL-ch U12"]
[Site "Uniejow"]
[Date "2021.07.23"]
[Round "7"]
[White "Kowalczyk, Jakub"]
[Black "Andrzejewski, Jakub1"]
[Result "1-0"]
[WhiteElo "1113"]
[BlackElo "1447"]
[PlyCount "49"]
[EventDate "2021.07.18"]
[EventType "swiss"]
[EventRounds "9"]
[EventCountry "POL"]
[SourceTitle "EXT 2022"]
[Source "ChessBase"]
[SourceDate "2021.10.06"]
[SourceVersion "1"]
[SourceVersionDate "2021.10.06"]
[SourceQuality "1"]

1. e4 e5 2. Nf3 Nc6 3. Bc4 Be7 4. 0-0 Nf6 5. Re1 d6 6. h3 0-0 7. c3 h6 8. d4 Kh8 9. Be3 Nh7 10. Rf1 f5 11. exf5 Rxf5 12. dxe5 Nxe5 13. Nxe5 Rxe5 14. Nd2 Bf6 15. Bd4 Re8 16. Nf3 Be6 17. Bxe6 Rxe6 18. Qb3 d5 19. Rfe1 Rxe1+ 20. Rxe1 b6 21. Ne5 Kg8 22. c4 c5 23. cxd5 cxd4 24. d6+ Kf8 25. Qf7# 1-0

[Event "POL-ch U20"]
[Site "Pokrzywna"]
[Date "2020.12.04"]
[Round "7"]
[White "Kowalczyk, Jakub"]
[Black "Bochenek, Ryszard"]
[Result "0-1"]
[WhiteElo "1200"]
[BlackElo "1445"]
[PlyCount "64"]
[EventDate "2020.11.30"]
[EventType "swiss"]
[EventRounds "9"]
[EventCountry "POL"]
[SourceTitle "CBM 199 Extra"]
[Source "ChessBase"]
[SourceDate "2021.01.31"]
[SourceVersion "1"]
[SourceVersionDate "2021.01.31"]
[SourceQuality "1"]

1. e4 c5 2. Nf3 Nc6 3. d4 cxd4 4. Nxd4 e5 5. Nb5 d6 6. N1c3 a6 7. Na3 Be7 8. Nd5 Nf6 9. Nxf6+ Bxf6 10. Be3 0-0 11. c4 Bg5 12. Bxg5 Qxg5 13. Nc2 Qg6 14. Qd3 f5 15. exf5 Bxf5 16. Qd5+ Be6 17. Qd2 Qf7 18. b3 d5 19. Ne3 d4 20. Nd1 e4 21. a3 d3 22. Qe3 Rad8 23. Qd2 Nd4 24. Ra2 Nc2+ 25. Rxc2 dxc2 26. Qxc2 Rxd1+ 27. Kxd1 Qxf2 28. Qxf2 Rxf2 29. g3 Bg4+ 30. Ke1 e3 31. h3 Bf3 32. Rg1 Ra2 0-1

[Event "POL-ch U20"]
[Site "Pokrzywna"]
[Date "2020.12.02"]
[Round "4"]
[White "Budzisz, Adrian"]
[Black "Kowalczyk, Jakub"]
[Result "1-0"]
[WhiteElo "1955"]
[BlackElo "1200"]
[PlyCount "85"]
[EventDate "2020.11.30"]
[EventType "swiss"]
[EventRounds "9"]
[EventCountry "POL"]
[SourceTitle "CBM 199 Extra"]
[Source "ChessBase"]
[SourceDate "2021.01.31"]
[SourceVersion "1"]
[SourceVersionDate "2021.01.31"]
[SourceQuality "1"]

1. d4 d5 2. c4 e6 3. Nf3 Nf6 4. g3 b6 5. Bg2 Bb7 6. cxd5 Bxd5 7. 0-0 Be7 8. Nc3 Bb7 9. Qc2 0-0 10. Rd1 Nbd7 11. Bf4 a6 12. e4 Rc8 13. Rac1 b5 14. Nd2 Nb6 15. Nb3 c6 16. Na5 Ba8 17. a3 Qd7 18. b4 Rfd8 19. Nb1 h6 20. h3 Qe8 21. Nd2 Rd7 22. Ndb3 Bd8 23. Nc5 Ra7 24. Be3 Nbd7 25. Ncb3 Bxa5 26. Nxa5 Rac7 27. Bf4 e5 28. dxe5 Nxe5 29. Qc3 Re7 30. Rd6 g5 31. Bxe5 Nxe4 32. Bxe4 Rxe5 33. Rxh6 Qf8 34. Rh8+ Kxh8 35. Qxe5+ f6 36. Qf5 Rc7 37. Rd1 Qe7 38. Nb3 Bb7 39. Nc5 Bc8 40. Qg6 a5 41. Kg2 a4 42. Rd4 Qf8 43. Bb1 1-0

[Event "POL-ch U20"]
[Site "Pokrzywna"]
[Date "2020.12.02"]
[Round "5"]
[White "Kowalczyk, Jakub"]
[Black "Jaworski, Tymon"]
[Result "0-1"]
[WhiteElo "1200"]
[BlackElo "1510"]
[PlyCount "55"]
[EventDate "2020.11.30"]
[EventType "swiss"]
[EventRounds "9"]
[EventCountry "POL"]
[SourceTitle "CBM 199 Extra"]
[Source "ChessBase"]
[SourceDate "2021.01.31"]
[SourceVersion "1"]
[SourceVersionDate "2021.01.31"]
[SourceQuality "1"]

1. e4 e6 2. d4 d5 3. Nd2 Nf6 4. e5 Nfd7 5. Bd3 c5 6. c3 Nc6 7. Ne2 Be7 8. 0-0 0-0 9. Nf3 f6 10. exf6 Bxf6 11. Be3 b6 12. a3 e5 13. dxe5 Ndxe5 14. Nxe5 Nxe5 15. Bc2 Nc4 16. Qc1 Ba6 17. Re1 d4 18. cxd4 cxd4 19. Bb3 Rc8 20. Bd2 Kh8 21. Bxc4 Bxc4 22. Qd1 Bxe2 23. Rxe2 d3 24. Re3 Bxb2 25. Ra2 Bd4 26. Rf3 Qd5 27. Bb4 Rxf3 28. Qxf3 0-1

[Event "POL-ch U20"]
[Site "Pokrzywna"]
[Date "2020.12.01"]
[Round "3"]
[White "Skurniak, Szymon"]
[Black "Kowalczyk, Jakub"]
[Result "1-0"]
[WhiteElo "2117"]
[BlackElo "1200"]
[PlyCount "65"]
[EventDate "2020.11.30"]
[EventType "swiss"]
[EventRounds "9"]
[EventCountry "POL"]
[SourceTitle "CBM 199 Extra"]
[Source "ChessBase"]
[SourceDate "2021.01.31"]
[SourceVersion "1"]
[SourceVersionDate "2021.01.31"]
[SourceQuality "1"]

1. e4 c5 2. b3 e6 3. Nf3 Qc7 4. Bb2 Nc6 5. c4 d6 6. Nc3 a6 7. d4 cxd4 8. Nxd4 Nf6 9. Rc1 Be7 10. Be2 b6 11. Nd5 Qb7 12. Nxc6 Qxc6 13. Nxe7 Kxe7 14. f3 e5 15. Ba3 Rd8 16. 0-0 Be6 17. Qd2 Rd7 18. Qg5 Kf8 19. Qxe5 Kg8 20. Qg3 Qc7 21. Rfd1 Rad8 22. c5 Ne8 23. cxd6 Qb7 24. Bb2 f6 25. e5 fxe5 26. Bxe5 b5 27. a4 Qb6+ 28. Kh1 Nxd6 29. Rxd6 Qxd6 30. Bxd6 Rxd6 31. Qe5 h6 32. Rc7 Bf7 33. Qe7 1-0

[Event "Wloclawek CC Classic 22nd"]
[Site "Wloclawek"]
[Date "2019.??.??"]
[Round "5"]
[White "Kowalczyk, Jakub"]
[Black "Rosa, Antoni"]
[Result "0-1"]
[WhiteElo "1057"]
[BlackElo "1336"]
[PlyCount "92"]
[EventDate "2019.04.??"]
[EventType "swiss"]
[EventRounds "7"]
[EventCountry "POL"]
[SourceTitle "EXT 2021"]
[Source "ChessBase"]
[SourceDate "2020.10.23"]
[SourceVersion "1"]
[SourceVersionDate "2020.10.23"]
[SourceQuality "1"]

1. e4 e6 2. d4 d5 3. Nd2 c5 4. exd5 Qxd5 5. Ngf3 cxd4 6. Nb3 Nc6 7. Nbxd4 Bc5 8. Nxc6 Qxd1+ 9. Kxd1 bxc6 10. Be3 Bxe3 11. fxe3 Nf6 12. Bd3 0-0 13. Kd2 Rd8 14. Rhf1 c5 15. Ke2 Bb7 16. Rad1 Bd5 17. a3 c4 18. Kf2 cxd3 19. Rxd3 Ne4+ 20. Kg1 Bc4 21. Rxd8+ Rxd8 22. Re1 g6 23. Ne5 Bb5 24. c4 Be8 25. b4 f6 26. Nf3 Nd2 27. Nxd2 Rxd2 28. Rc1 Kf7 29. c5 Ke7 30. c6 Kd8 31. b5 Kc7 32. a4 Ra2 33. Rc4 Bf7 34. Rh4 h5 35. Rd4 Be8 36. h3 e5 37. Re4 Bf7 38. Rb4 Be6 39. Kh2 Bd5 40. e4 Be6 41. Kg3 Kb6 42. Kf3 Ka5 43. Rb1 Rxa4 44. Rc1 Kxb5 45. c7 Rc4 46. Rxc4 Kxc4 0-1

[Event "Wloclawek CC Classic 22nd"]
[Site "Wloclawek"]
[Date "2019.??.??"]
[Round "6"]
[White "Pocwiardowski, Pawel"]
[Black "Kowalczyk, Jakub"]
[Result "1/2-1/2"]
[WhiteElo "1600"]
[BlackElo "1057"]
[PlyCount "87"]
[EventDate "2019.04.??"]
[EventType "swiss"]
[EventRounds "7"]
[EventCountry "POL"]
[SourceTitle "EXT 2021"]
[Source "ChessBase"]
[SourceDate "2020.10.23"]
[SourceVersion "1"]
[SourceVersionDate "2020.10.23"]
[SourceQuality "1"]

1. d4 d5 2. c4 e6 3. Nc3 Nf6 4. Bg5 Be7 5. e3 h6 6. Bh4 Nbd7 7. Nf3 0-0 8. Be2 b6 9. Qc2 Bb7 10. b3 c5 11. 0-0 Ne4 12. Bxe7 Qxe7 13. cxd5 Nxc3 14. Qxc3 Bxd5 15. Rfd1 Rac8 16. Rac1 Rc7 17. Rc2 Rfc8 18. Rcd2 Qf6 19. b4 cxd4 20. Qxd4 Qxd4 21. Nxd4 Rc1 22. a3 Nf6 23. f3 Rxd1+ 24. Rxd1 Rc3 25. e4 Bc4 26. Bxc4 Rxc4 27. Rd3 Nh5 28. Nb5 a6 29. Nd6 Rc6 30. a4 Nf4 31. Rd2 Ne2+ 32. Rxe2 Rxd6 33. Kf2 Kf8 34. Ke3 Ke7 35. Rc2 Kd7 36. Rd2 Rxd2 37. Kxd2 Kd6 38. Kd3 e5 39. Kc4 Kc6 40. b5+ axb5+ 41. axb5+ Kd6 42. g4 g5 43. h3 f6 44. Kb4 1/2-1/2